| 000 -LEADER |
| fixed length control field |
00559cam a2200169 i 4500 |
| 020 ## - INTERNATIONAL STANDARD BOOK NUMBER |
| ISBN |
9782070142590 |
| 040 ## - CATALOGING SOURCE |
| Transcribing agency |
DLC |
| 082 ## - DEWEY DECIMAL CLASSIFICATION NUMBER |
| Classification number |
959 HAR 1985 A103 Or. |
| 245 00 - TITLE STATEMENT |
| Title |
Angkor : |
| Remainder of title |
naissance d'un mythe : Louis Delaporte et le Cambodge / |
| 300 ## - PHYSICAL DESCRIPTION |
| Number of Pages |
299 pages : |
| Other physical details |
illustrations (some color) ; |
| Dimensions |
30 cm |
| 500 ## - GENERAL NOTE |
| General note |
Exhibition held at the Musée Guimet from October 16, 2013-January 13, 2014. |
| 650 #0 - SUBJECT ADDED ENTRY--TOPICAL TERM |
| Topical Term |
Archaeological expeditions |
| 700 1# - ADDED ENTRY--PERSONAL NAME |
| Personal name |
Baptiste, Pierre. |
| 700 1# - ADDED ENTRY--PERSONAL NAME |
| Personal name |
Zéphir, Thierry. |
| 710 2# - ADDED ENTRY--CORPORATE NAME |
| Corporate name or jurisdiction name as entry element |
Musée Guimet (Paris, France) |
| 942 ## - ADDED ENTRY ELEMENTS (KOHA) |
| Koha item type |
សៀវភៅភាសាអង់គ្លេស |
| 952 ## - LOCATION AND ITEM INFORMATION (KOHA) |
| Withdrawn status [LOCAL, KOHA] |
0 |